[Event "Borjomi U20"]
[Site "Borjomi"]
[Date "1988.??.??"]
[Round "?"]
[White "Kamsky, Gata"]
[Black "Smirin, Ilia"]
[Result "0-1"]
[WhiteElo "2380"]
[BlackElo "2500"]
[PlyCount "90"]
[EventDate "1988.??.??"]
[EventType "tourn"]
[EventRounds "11"]
[EventCountry "URS"]
[EventCategory "7"]
[SourceTitle "EXT 1997"]
[Source "ChessBase"]
[SourceDate "1996.11.15"]
[SourceVersion "1"]
[SourceVersionDate "1996.11.15"]
[SourceQuality "1"]

1. d4 d6 2. c4 Nf6 3. Nc3 g6 4. e4 Bg7 5. Be2 O-O 6. Bg5 Nbd7 7. Qd2 e5 8. d5
Nc5 9. f3 h6 10. Be3 Bd7 11. g4 h5 12. g5 Nh7 13. h4 c6 14. Nh3 Qa5 15. O-O-O
cxd5 16. exd5 Bf5 17. Bxc5 Qxc5 18. Bf1 b5 19. Nf2 bxc4 20. Nfe4 Qb6 21. Bxc4
Bxe4 22. fxe4 f6 23. gxf6 Nxf6 24. Be2 Rab8 25. Kb1 Bh6 26. Qc2 Be3 27. Rhf1
Kg7 28. Rf3 Rfc8 29. Qb3 Qa5 30. Nb5 Bf4 31. Qd3 Qb6 32. b3 Nd7 33. Na3 Nc5 34.
Qc2 a5 35. Nc4 Qd8 36. Rg1 a4 37. Bd1 axb3 38. axb3 Nxb3 39. Qg2 Nd4+ 40. Nb2
Rc1+ 41. Ka2 Ra8+ 42. Na4 Rxa4+ 43. Bxa4 Rxg1 44. Qxg1 Nxf3 45. Qa7+ Kh6 0-1

[Event "Borjomi U20"]
[Site "Borjomi"]
[Date "1988.??.??"]
[Round "?"]
[White "Shcherbakov, Ruslan"]
[Black "Kamsky, Gata"]
[Result "1/2-1/2"]
[WhiteElo "2360"]
[BlackElo "2380"]
[PlyCount "41"]
[EventDate "1988.??.??"]
[EventType "tourn"]
[EventRounds "11"]
[EventCountry "URS"]
[EventCategory "7"]
[SourceTitle "EXT 1997"]
[Source "ChessBase"]
[SourceDate "1996.11.15"]
[SourceVersion "1"]
[SourceVersionDate "1996.11.15"]
[SourceQuality "1"]

1. c4 e5 2. Nc3 Nc6 3. g3 g6 4. Bg2 Bg7 5. e3 d6 6. Rb1 a5 7. a3 f5 8. Nge2 Nf6
9. d3 O-O 10. O-O Ne7 11. f4 c6 12. b4 axb4 13. axb4 Be6 14. b5 Qc7 15. Qb3
Rab8 16. h3 Nd7 17. Rd1 Nc5 18. Qb4 e4 19. dxe4 fxe4 20. Nxe4 Nxe4 21. Bxe4
1/2-1/2

[Event "Borjomi U20"]
[Site "Borjomi"]
[Date "1988.??.??"]
[Round "?"]
[White "Shirov, Alexei"]
[Black "Kamsky, Gata"]
[Result "1/2-1/2"]
[WhiteElo "2380"]
[BlackElo "2380"]
[PlyCount "93"]
[EventDate "1988.??.??"]
[EventType "tourn"]
[EventRounds "11"]
[EventCountry "URS"]
[EventCategory "7"]
[SourceTitle "EXT 1997"]
[Source "ChessBase"]
[SourceDate "1996.11.15"]
[SourceVersion "1"]
[SourceVersionDate "1996.11.15"]
[SourceQuality "1"]

1. d4 Nf6 2. c4 g6 3. Nc3 d5 4. cxd5 Nxd5 5. e4 Nxc3 6. bxc3 Bg7 7. Bc4 c5 8.
Ne2 O-O 9. O-O Nc6 10. Be3 Qc7 11. Rc1 Rd8 12. Bf4 Qd7 13. d5 Na5 14. Bd3 b6
15. Bg5 f6 16. Be3 c4 17. Bc2 e6 18. Nf4 exd5 19. exd5 Qf7 20. Be4 Bb7 21. Qc2
Rd7 22. Rcd1 Re8 23. Bf3 Ba8 24. Qa4 f5 25. Bd4 Bxd4 26. Rxd4 Re5 27. Qd1 g5
28. Ne6 g4 29. Bxg4 Rexd5 30. Ng5 Qf6 31. Bf3 Rxd4 32. cxd4 Rxd4 33. Qe2 Rd8
34. Bxa8 Rxa8 35. Nf3 Rc8 36. Ne5 c3 37. f4 Nb7 38. Qd3 Qe6 39. Rc1 Qd6 40.
Qxf5 Rf8 41. Qe4 c2 42. Qc4+ Kg7 43. Qxc2 Rxf4 44. Qc7+ Kg8 45. Qxb7 Qxe5 46.
Rc8+ Rf8 47. Rxf8+ 1/2-1/2

[Event "Borjomi U20"]
[Site "Borjomi"]
[Date "1988.??.??"]
[Round "?"]
[White "Ulybin, Mikhail"]
[Black "Kamsky, Gata"]
[Result "0-1"]
[WhiteElo "2390"]
[BlackElo "2380"]
[PlyCount "73"]
[EventDate "1988.??.??"]
[EventType "tourn"]
[EventRounds "11"]
[EventCountry "URS"]
[EventCategory "7"]
[SourceTitle "EXT 1997"]
[Source "ChessBase"]
[SourceDate "1996.11.15"]
[SourceVersion "1"]
[SourceVersionDate "1996.11.15"]
[SourceQuality "1"]

1. e4 e5 2. Nf3 Nc6 3. Bb5 g6 4. c3 a6 5. Ba4 d6 6. d4 Bd7 7. O-O Bg7 8. dxe5
dxe5 9. Bg5 Nge7 10. Nbd2 O-O 11. Nb3 Qe8 12. Nc5 Bc8 13. b4 h6 14. Bxe7 Qxe7
15. Bxc6 bxc6 16. Nd2 Rd8 17. Qe2 a5 18. Rfd1 Bf8 19. Ndb3 a4 20. Nd2 Qf6 21.
Qc4 Rd6 22. Nf1 h5 23. Ne3 Qd8 24. Qe2 Qg5 25. Qc4 Ra7 26. Rd3 Rxd3 27. Qxd3
Bxc5 28. bxc5 Be6 29. Nc4 a3 30. Rb1 Ra8 31. g3 h4 32. Kg2 h3+ 33. Kg1 Qf6 34.
Qe2 Rd8 35. Na5 Qg5 36. Nxc6 Rd2 37. Qe1 0-1

[Event "Minsk Sokolsky Memorial 16th"]
[Site "Minsk"]
[Date "1988.??.??"]
[Round "?"]
[White "Kamsky, Gata"]
[Black "Zaiatz, Elena"]
[Result "1/2-1/2"]
[WhiteElo "2380"]
[BlackElo "2230"]
[PlyCount "111"]
[EventDate "1988.??.??"]
[EventType "tourn"]
[EventRounds "15"]
[EventCountry "URS"]
[SourceTitle "EXT 1998"]
[Source "ChessBase"]
[SourceDate "1997.11.17"]
[SourceVersion "1"]
[SourceVersionDate "1997.11.17"]
[SourceQuality "1"]

1. e4 e5 2. Nf3 Nc6 3. Bb5 a6 4. Ba4 Nf6 5. d3 b5 6. Bb3 Be7 7. O-O d6 8. c3
O-O 9. Re1 Na5 10. Bc2 c5 11. Nbd2 Nc6 12. Nf1 Qc7 13. Ng3 g6 14. h3 Re8 15.
Nh2 d5 16. Qf3 d4 17. Bg5 Qd8 18. Bb3 Na5 19. Bxf6 Bxf6 20. Bd5 Ra7 21. b4 cxb4
22. cxb4 Nb7 23. Rac1 Be6 24. Rc6 Bg7 25. Bxe6 Rxe6 26. Rxe6 fxe6 27. Rc1 Nd6
28. Qg4 Qd7 29. Nf3 Nf7 30. h4 Bf6 31. Rc5 a5 32. bxa5 Rxa5 33. h5 g5 34. Nxe5
Nxe5 35. Rxe5 Bxe5 36. Qxg5+ Bg7 37. h6 Rxa2 38. Nh5 Qf7 39. hxg7 Qxf2+ 40. Kh2
Qxg2+ 41. Qxg2 Rxg2+ 42. Kxg2 b4 43. Nf6+ Kxg7 44. Ne8+ Kg6 45. Nd6 b3 46. Nc4
Kg5 47. Kf3 h6 48. Kg3 h5 49. Kf3 h4 50. Nb2 h3 51. Nc4 h2 52. Kg2 Kf4 53. Kxh2
Kf3 54. Nd2+ Ke2 55. Nxb3 Kxd3 56. e5 1/2-1/2

[Event "Minsk Sokolsky Memorial 16th"]
[Site "Minsk"]
[Date "1988.??.??"]
[Round "?"]
[White "Mochalov, Evgeny Veniaminovic"]
[Black "Kamsky, Gata"]
[Result "1/2-1/2"]
[WhiteElo "2420"]
[BlackElo "2380"]
[PlyCount "102"]
[EventDate "1988.??.??"]
[EventType "tourn"]
[EventRounds "15"]
[EventCountry "URS"]
[SourceTitle "EXT 1998"]
[Source "ChessBase"]
[SourceDate "1997.11.17"]
[SourceVersion "1"]
[SourceVersionDate "1997.11.17"]
[SourceQuality "1"]

1. d4 d5 2. c4 c6 3. Nf3 Nf6 4. Nc3 e6 5. g3 Be7 6. Bg2 Nbd7 7. O-O b6 8. b3
Ba6 9. Nd2 O-O 10. Bb2 Rc8 11. e4 c5 12. exd5 exd5 13. Nxd5 Nxd5 14. Bxd5 Nf6
15. Bg2 cxd4 16. Nf3 b5 17. cxb5 Bxb5 18. Re1 d3 19. Nd4 Ba3 20. Bxa3 Qxd4 21.
Bxf8 Kxf8 22. Rc1 Rxc1 23. Qxc1 d2 24. Qc8+ Ne8 25. Rd1 Qe5 26. Qc2 Qe1+ 27.
Bf1 Bxf1 28. Qxd2 Qxd2 29. Rxd2 Bb5 30. Rd5 a6 31. a4 Bc6 32. Rc5 Bb7 33. b4
Ke7 34. b5 axb5 35. Rxb5 Bc6 36. Rb4 Kd6 37. a5 Nc7 38. Rb8 h5 39. f4 g6 40.
Kf2 Kc5 41. f5 Be4 42. fxg6 fxg6 43. Ke3 Bf5 44. Kf4 Ne6+ 45. Ke5 Nd4 46. a6
Nc6+ 47. Kf4 Bd3 48. Ra8 Kb6 49. Kg5 Bxa6 50. Kxg6 Be2 51. Kg5 Kc5 1/2-1/2

[Event "URS-ch U16"]
[Site "Ivano Frankivsk "]
[Date "1988.??.??"]
[Round "?"]
[White "Ulybin, Mikhail"]
[Black "Kamsky, Gata"]
[Result "1-0"]
[WhiteElo "2380"]
[BlackElo "2370"]
[PlyCount "79"]
[EventDate "1988.01.18"]
[EventType "swiss"]
[EventRounds "11"]
[EventCountry "URS"]
[SourceTitle "EXT 2008"]
[Source "ChessBase"]
[SourceDate "2007.11.25"]
[SourceVersion "1"]
[SourceVersionDate "2007.11.25"]
[SourceQuality "1"]

1. e4 c5 2. Nf3 d6 3. d4 cxd4 4. Nxd4 Nf6 5. Nc3 a6 6. f4 e5 7. Nf3 Nbd7 8. a4
Be7 9. Bd3 O-O 10. O-O Nc5 11. Qe2 exf4 12. Bxf4 Bd7 13. Kh1 Rc8 14. a5 Re8 15.
Be3 Bf8 16. Bd4 Ne6 17. Bxf6 Qxf6 18. Nd5 Qh6 19. Qf2 Nc5 20. Nd4 Be6 21. Nxe6
Qxe6 22. b4 Nxd3 23. cxd3 Rc6 24. h3 Rec8 25. Qa7 Rc2 26. Qxb7 Qg6 27. Ne3 R8c7
28. Qb6 R2c6 29. Qd4 Qg5 30. Nc4 g6 31. Qd5 Qe7 32. Rf3 Bg7 33. Raf1 Qe6 34.
Kg1 h6 35. Kh1 h5 36. Kg1 Bc3 37. Rxf7 Qxd5 38. Rf8+ Kg7 39. exd5 Rxc4 40. dxc4
1-0

[Event "URS-ch otbor56"]
[Site "Barnaul"]
[Date "1988.??.??"]
[Round "?"]
[White "Aseev, Konstantin N"]
[Black "Kamsky, Gata"]
[Result "1-0"]
[WhiteElo "2445"]
[BlackElo "2380"]
[PlyCount "165"]
[EventDate "1988.08.??"]
[EventType "swiss"]
[EventRounds "9"]
[EventCountry "URS"]
[SourceTitle "TD"]
[Source "ChessBase"]
[SourceDate "1994.03.01"]
[SourceVersion "1"]
[SourceVersionDate "1994.03.01"]
[SourceQuality "1"]

1. e4 c5 2. Nf3 e6 3. d4 cxd4 4. Nxd4 Nf6 5. Nc3 d6 6. g4 h6 7. h4 Nc6 8. Rg1
h5 9. gxh5 Nxh5 10. Bg5 Nf6 11. Qd2 Qb6 12. Nb3 a6 13. O-O-O Bd7 14. Bg2 Qc7
15. f4 Nh7 16. f5 Nxg5 17. hxg5 O-O-O 18. Kb1 Be7 19. Bf1 Kb8 20. g6 fxg6 21.
fxe6 Bxe6 22. Nd5 Bxd5 23. exd5 Ne5 24. Rg3 Bf6 25. Rc3 Qb6 26. Nd4 Rc8 27. Rb3
Qa7 28. Qb4 Rhd8 29. c3 Ka8 30. Ne6 Rd7 31. Bb5 Re7 32. Qxd6 Nf7 33. Qg3 Nd8
34. Nd4 Qc5 35. d6 Re5 36. Bd7 Rb8 37. Nb5 g5 38. Ra3 Nf7 39. Qg2 Rd8 40. Rxa6+
Kb8 41. Nc7 Nxd6 42. Rc6 Qe3 43. Na6+ bxa6 44. Rcxd6 Qe4+ 45. Qxe4 Rxe4 46.
Rxa6 g4 47. Rb6+ Ka7 48. Rbd6 g3 49. R6d2 Bg5 50. Rg2 Bf4 51. Kc2 Kb6 52. Bf5
Rxd1 53. Bxe4 Re1 54. Kd3 Re3+ 55. Kd4 Re1 56. Kd5 Rd1+ 57. Kc4 Re1 58. Bd5 Be5
59. Rc2 Ra1 60. Re2 Bf6 61. a3 Rf1 62. Bg2 Rf4+ 63. Kb3 Rf2 64. Rxf2 gxf2 65.
Kc2 g5 66. b4 g4 67. a4 g3 68. Kb3 Bg5 69. c4 Bd2 70. c5+ Ka6 71. Kc4 Bf4 72.
Bf1 Bd2 73. Kd5+ Kb7 74. b5 Ba5 75. Kd6 Bc7+ 76. Kd7 Ba5 77. Bg2+ Ka7 78. Kc6
Bd2 79. Bf1 Be3 80. b6+ Kb8 81. a5 Bf4 82. a6 Ka8 83. Bg2 1-0

[Event "URS-ch otbor56"]
[Site "Barnaul"]
[Date "1988.??.??"]
[Round "?"]
[White "Yakovich, Yuri"]
[Black "Kamsky, Gata"]
[Result "1-0"]
[WhiteElo "2450"]
[BlackElo "2380"]
[PlyCount "103"]
[EventDate "1988.08.??"]
[EventType "swiss"]
[EventRounds "9"]
[EventCountry "URS"]
[SourceTitle "TD"]
[Source "ChessBase"]
[SourceDate "1994.03.01"]
[SourceVersion "1"]
[SourceVersionDate "1994.03.01"]
[SourceQuality "1"]

1. d4 Nf6 2. c4 g6 3. Nc3 d5 4. Bf4 Bg7 5. e3 O-O 6. cxd5 Nxd5 7. Nxd5 Qxd5 8.
Bxc7 Na6 9. Bxa6 bxa6 10. Nf3 Bf5 11. Qb3 Qc6 12. Bg3 Be4 13. O-O Rfc8 14. Qa3
e6 15. b3 Bf8 16. Qa5 Qb7 17. Rac1 Bb4 18. Qg5 Bd3 19. Rxc8+ Rxc8 20. Ra1 Be7
21. Qf4 Qc6 22. h4 f6 23. Kh2 Qd5 24. Rd1 Bf5 25. Nd2 g5 26. hxg5 fxg5 27. Qf3
Ba3 28. Re1 Qxf3 29. Nxf3 Bb4 30. Rg1 h6 31. Ne5 a5 32. f3 Bh7 33. Nc4 Bd3 34.
a3 Bxc4 35. bxc4 Bxa3 36. c5 Bb4 37. Rb1 Kf7 38. Be5 h5 39. Kg3 Kg6 40. Kf2 h4
41. Ke2 a6 42. e4 Kh5 43. Kd3 g4 44. fxg4+ Kxg4 45. Kc4 Rf8 46. c6 Rf2 47. Rc1
Ba3 48. Rc3 Bb4 49. c7 Rf8 50. Rf3 Rc8 51. d5 exd5+ 52. exd5 1-0

[Event "URS-ch otbor56"]
[Site "Barnaul"]
[Date "1988.??.??"]
[Round "?"]
[White "Zaichik, Gennadi"]
[Black "Kamsky, Gata"]
[Result "1-0"]
[WhiteElo "2510"]
[BlackElo "2380"]
[PlyCount "105"]
[EventDate "1988.08.??"]
[EventType "swiss"]
[EventRounds "9"]
[EventCountry "URS"]
[SourceTitle "TD"]
[Source "ChessBase"]
[SourceDate "1994.03.01"]
[SourceVersion "1"]
[SourceVersionDate "1994.03.01"]
[SourceQuality "1"]

1. e4 e5 2. Bc4 Nf6 3. d3 Nc6 4. Nf3 h6 5. O-O d6 6. Bb3 g6 7. c3 Bg7 8. Re1
O-O 9. Nbd2 Nh7 10. Nf1 Kh8 11. Ng3 Qe8 12. d4 Bd7 13. h3 Rd8 14. Bc2 Qe7 15.
Be3 b6 16. Qd2 h5 17. Ng5 Nf6 18. f4 h4 19. Nf1 exf4 20. Bxf4 Nh5 21. Be3 Na5
22. b3 c5 23. d5 b5 24. Rac1 Nb7 25. Bd1 Ng3 26. Nxg3 hxg3 27. Bf4 f6 28. Nf3
g5 29. Bxg3 Rde8 30. Nh2 Nd8 31. Bh5 Nf7 32. Bg6 Rd8 33. Qe2 Kg8 34. Qh5 Nh6
35. Ng4 Bxg4 36. hxg4 Rb8 37. Bf5 Rfe8 38. Be6+ Kh7 39. Bf5+ Kg8 40. Qg6 Qc7
41. Qh7+ Kf8 42. Rf1 Rbd8 43. Bg6 Nf7 44. Rf3 Qe7 45. Rcf1 Rd7 46. Bf5 Rb7 47.
Be6 Qd8 48. Rxf6 Bxf6 49. Qg6 Qb6 50. Rxf6 Ke7 51. Rxf7+ Kd8 52. Rxb7 Qxb7 53.
Bxd6 1-0

[Event "Chicago op"]
[Site "Chicago"]
[Date "1989.??.??"]
[Round "?"]
[White "Kamsky, Gata"]
[Black "Levy, Louis"]
[Result "1-0"]
[WhiteElo "2345"]
[BlackElo "2300"]
[PlyCount "53"]
[EventDate "1989.??.??"]
[EventType "swiss"]
[EventRounds "9"]
[EventCountry "USA"]
[SourceTitle "EXT 2002"]
[Source "ChessBase"]
[SourceDate "2001.11.25"]
[SourceVersion "1"]
[SourceVersionDate "2001.11.25"]
[SourceQuality "1"]

1. d4 d5 2. Nf3 Nf6 3. c4 e6 4. g3 Be7 5. Bg2 O-O 6. O-O Nbd7 7. Qc2 c6 8. Rd1
Ne4 9. b3 f5 10. Ba3 Bxa3 11. Nxa3 f4 12. Nb1 fxg3 13. hxg3 Qf6 14. Nc3 Ng5 15.
Qd2 Nxf3+ 16. exf3 b6 17. Re1 dxc4 18. bxc4 Ba6 19. Rac1 Rad8 20. Qe3 c5 21. d5
exd5 22. Nxd5 Qd4 23. Nc7 Bb7 24. Ne6 Qxe3 25. Rxe3 Nf6 26. Nxd8 Rxd8 27. Re7
1-0

[Event "New York Marshall CC-ch"]
[Site "New York"]
[Date "1989.??.??"]
[Round "4"]
[White "Kamsky, Gata"]
[Black "Sulman, Robert M"]
[Result "1/2-1/2"]
[WhiteElo "2345"]
[BlackElo "2305"]
[PlyCount "93"]
[EventDate "1989.??.??"]
[EventType "swiss"]
[EventRounds "6"]
[EventCountry "USA"]
[SourceTitle "EXT 2015"]
[Source "ChessBase"]
[SourceDate "2014.11.20"]
[SourceVersion "1"]
[SourceVersionDate "2014.11.20"]
[SourceQuality "1"]

1. Nf3 Nf6 2. g3 d5 3. Bg2 c6 4. d3 Bg4 5. Nbd2 e6 6. O-O Be7 7. c4 O-O 8. b3
Nbd7 9. Bb2 Re8 10. h3 Bh5 11. Qc2 Bd6 12. a3 e5 13. e4 dxe4 14. dxe4 a5 15.
Nh4 Rf8 16. Ndf3 Qc7 17. Rfe1 Nc5 18. Rad1 Nfd7 19. Bc3 f6 20. Nf5 Bf7 21. b4
axb4 22. axb4 Na4 23. Bd2 c5 24. b5 Nab6 25. Ne3 Ra4 26. Nd5 Bxd5 27. cxd5 Rfa8
28. Bc3 Nc4 29. Nd2 Na3 30. Qb2 Qb6 31. Ra1 Nxb5 32. Rxa4 Rxa4 33. Rb1 Nxc3 34.
Qxc3 Rb4 35. Rxb4 Qxb4 36. Qxb4 cxb4 37. Bf1 Bc5 38. Bb5 Nb6 39. Nb3 Bd4 40.
Na5 Kf8 41. Kf1 Nc8 42. Nxb7 Ke7 43. Na5 Kd6 44. Ke2 Kc7 45. Ba4 Nd6 46. f3 Nb7
47. Nxb7 {source: bulletin} 1/2-1/2

[Event "New York Marshall CC-ch"]
[Site "New York"]
[Date "1989.??.??"]
[Round "5"]
[White "Bonin, Jay R"]
[Black "Kamsky, Gata"]
[Result "1/2-1/2"]
[WhiteElo "2400"]
[BlackElo "2345"]
[PlyCount "126"]
[EventDate "1989.??.??"]
[EventType "swiss"]
[EventRounds "6"]
[EventCountry "USA"]
[SourceTitle "EXT 2015"]
[Source "ChessBase"]
[SourceDate "2014.11.20"]
[SourceVersion "1"]
[SourceVersionDate "2014.11.20"]
[SourceQuality "1"]

1. d4 d5 2. c4 c6 3. Nf3 Nf6 4. Nc3 e6 5. e3 Nbd7 6. Qc2 Bd6 7. Be2 O-O 8. O-O
dxc4 9. Bxc4 e5 10. h3 Qe7 11. Bb3 a5 12. a4 b6 13. Rd1 Ba6 14. dxe5 Bxe5 15.
Nxe5 Nxe5 16. e4 Rad8 17. Be3 Bd3 18. Qc1 Qb4 19. Bc2 Nxe4 20. Na2 Qc4 21. Bxb6
Rd5 22. Bxd3 Rxd3 23. Rxd3 Qxd3 24. Bxa5 Qd4 25. Qe3 Qxb2 26. Bc3 Nxc3 27. Qxc3
Qxc3 28. Nxc3 Ra8 29. a5 Kf8 30. Kf1 Ra7 31. a6 Nd7 32. Ne4 Ke7 33. Ra5 f6 34.
g4 g6 35. Ke2 Kd8 36. g5 f5 37. Nf6 Kc7 38. Nxh7 Kb6 39. Ra1 Rxa6 40. Rxa6+
Kxa6 41. h4 Ne5 42. f4 Nf7 43. Nf8 Nh8 44. h5 gxh5 45. g6 Nxg6 46. Nxg6 Kb5 47.
Nh4 c5 48. Nxf5 c4 49. Kf3 Kb4 50. Ne3 Kc5 51. f5 c3 52. Kf4 h4 53. Kg4 Kd4 54.
f6 h3 55. Nc2+ Kd3 56. Na1 Ke2 57. f7 $4 (57. Kxh3 $18) 57... h2 58. f8=Q h1=Q
59. Qe7+ Kd1 60. Nb3 Qg2+ 61. Kf4 Qe2 62. Qc5 Qb2 63. Qg1+ Kc2 {source:
bulletin} 1/2-1/2

[Event "New York exh"]
[Site "New York"]
[Date "1989.??.??"]
[Round "1"]
[White "Kamsky, Gata"]
[Black "Ivanov, Alexander"]
[Result "1/2-1/2"]
[WhiteElo "2345"]
[BlackElo "2470"]
[PlyCount "90"]
[EventDate "1989.??.??"]
[EventType "swiss"]
[EventRounds "2"]
[EventCountry "USA"]
[SourceTitle "EXT 1997"]
[Source "ChessBase"]
[SourceDate "1996.11.15"]
[SourceVersion "1"]
[SourceVersionDate "1996.11.15"]
[SourceQuality "1"]

1. d4 Nf6 2. Nf3 e6 3. Bf4 b6 4. e3 Bb7 5. c3 Be7 6. Bd3 Nh5 7. Bg3 d6 8. Nbd2
Nd7 9. e4 a6 10. a4 c5 11. Qe2 g6 12. O-O O-O 13. Rfe1 Nxg3 14. hxg3 cxd4 15.
cxd4 Nb8 16. Rac1 Nc6 17. Qe3 Nb4 18. Bf1 Rc8 19. Qb3 d5 20. e5 Rxc1 21. Rxc1
Qd7 22. Nb1 Rc8 23. Nc3 Qd8 24. Qd1 Nc6 25. Bd3 Rc7 26. Qe2 Qc8 27. Rd1 Na5 28.
g4 Nc4 29. Na2 b5 30. axb5 axb5 31. g3 b4 32. b3 Na5 33. Rb1 Rc6 34. Qd2 Ba6
35. Bxa6 Qxa6 36. Nxb4 Bxb4 37. Qxb4 Qd3 38. Ra1 Qxf3 39. Qxa5 Rc2 40. Rf1 h6
41. Qd8+ Kg7 42. g5 hxg5 43. Qxg5 Rb2 44. Qe3 Qxe3 45. fxe3 Rxb3 1/2-1/2

[Event "Val Thorens op-B"]
[Site "Val Thorens"]
[Date "1989.??.??"]
[Round "5"]
[White "Kamsky, Gata"]
[Black "Madl, Ildiko"]
[Result "1/2-1/2"]
[WhiteElo "2345"]
[BlackElo "2270"]
[PlyCount "81"]
[EventDate "1989.??.??"]
[EventType "swiss"]
[EventRounds "9"]
[EventCountry "FRA"]
[SourceTitle "EXT 1997"]
[Source "ChessBase"]
[SourceDate "1996.11.15"]
[SourceVersion "1"]
[SourceVersionDate "1996.11.15"]
[SourceQuality "1"]

1. d4 Nf6 2. Nf3 c5 3. d5 e6 4. c4 exd5 5. cxd5 d6 6. Nc3 g6 7. Nd2 Bg7 8. e4
O-O 9. Be2 Ne8 10. O-O Na6 11. Nc4 f5 12. f3 Rb8 13. a4 Nb4 14. Be3 f4 15. Bf2
b6 16. Qd2 a6 17. Na2 Nxa2 18. Rxa2 a5 19. Re1 Bd7 20. b3 Qe7 21. Bd1 Be5 22.
g3 g5 23. Nxe5 dxe5 24. gxf4 gxf4 25. Kh1 Nd6 26. Be2 Kf7 27. Rg1 Rg8 28. Rxg8
Rxg8 29. Ra1 Rg6 30. Rg1 Rh6 31. Bf1 Qf6 32. Be1 Ke7 33. Qg2 Rg6 34. Qf2 Rh6
35. Bc3 Nf7 36. Rg8 Rh5 37. Bb5 Bh3 38. Bf1 Bd7 39. Bb5 Bh3 40. Bf1 Bd7 41. Bb5
1/2-1/2

[Event "Val Thorens op-B"]
[Site "Val Thorens"]
[Date "1989.??.??"]
[Round "7"]
[White "Tompa, Janos"]
[Black "Kamsky, Gata"]
[Result "1/2-1/2"]
[WhiteElo "2395"]
[BlackElo "2345"]
[PlyCount "76"]
[EventDate "1989.??.??"]
[EventType "swiss"]
[EventRounds "9"]
[EventCountry "FRA"]
[SourceTitle "EXT 1997"]
[Source "ChessBase"]
[SourceDate "1996.11.15"]
[SourceVersion "1"]
[SourceVersionDate "1996.11.15"]
[SourceQuality "1"]

1. e4 e5 2. Nf3 Nc6 3. Bb5 g6 4. c3 a6 5. Bc4 Bg7 6. d4 d6 7. Bg5 f6 8. Be3 Nh6
9. h3 Qe7 10. dxe5 fxe5 11. Bg5 Qd7 12. a4 Nf7 13. Bh4 h6 14. Bg3 O-O 15. Nbd2
Ncd8 16. Nf1 Kh7 17. h4 Ne6 18. h5 g5 19. Ne3 Nf4 20. Nh2 Qe8 21. Be2 Qc6 22.
Qc2 Nxe2 23. Kxe2 Nd8 24. f3 Ne6 25. Nhg4 b6 26. Kf2 Nc5 27. Ke2 Be6 28. b4 Nd7
29. Qd3 Rf7 30. Nd5 Nf8 31. Nge3 Bc8 32. Bf2 Ne6 33. g3 Bb7 34. b5 Qd7 35. Nf5
a5 36. Be3 Re8 37. Kf2 Bh8 38. Rad1 Bg7 1/2-1/2

[Event "Val Thorens op-B"]
[Site "Val Thorens"]
[Date "1989.??.??"]
[Round "8"]
[White "Kamsky, Gata"]
[Black "Prie, Eric"]
[Result "1-0"]
[WhiteElo "2345"]
[BlackElo "2335"]
[PlyCount "77"]
[EventDate "1989.??.??"]
[EventType "swiss"]
[EventRounds "9"]
[EventCountry "FRA"]
[SourceTitle "EXT 1997"]
[Source "ChessBase"]
[SourceDate "1996.11.15"]
[SourceVersion "1"]
[SourceVersionDate "1996.11.15"]
[SourceQuality "1"]

1. d4 e6 2. Nf3 c5 3. c3 Nc6 4. e4 d5 5. e5 Qb6 6. a3 Bd7 7. Be2 cxd4 8. cxd4
Rc8 9. O-O Na5 10. Nbd2 Ne7 11. Rb1 Bb5 12. b4 Bxe2 13. Qxe2 Nc4 14. Nb3 Nc6
15. Qd3 Be7 16. Nc5 Qc7 17. Nd2 b6 18. Ncb3 O-O 19. f4 f5 20. Nf3 a5 21. b5 a4
22. bxc6 axb3 23. Rxb3 Qxc6 24. h3 Ra8 25. g4 Ra4 26. Kh1 Qa8 27. Rg1 Bxa3 28.
gxf5 Rxf5 29. Nh4 Rf7 30. f5 Bxc1 31. fxe6 Rc7 32. Nf5 Ba3 (32... Ra1 33. Qf3)
33. Nh6+ Kh8 34. Qf5 Qf8 35. Nf7+ Rxf7 36. exf7 Be7 37. Rbg3 g6 38. Rxg6 hxg6
39. Qxg6 1-0

[Event "New York op"]
[Site "New York"]
[Date "1989.??.??"]
[Round "3"]
[White "Rohde, Michael A"]
[Black "Kamsky, Gata"]
[Result "1/2-1/2"]
[WhiteElo "2540"]
[BlackElo "2345"]
[PlyCount "54"]
[EventDate "1989.03.??"]
[EventType "swiss"]
[EventRounds "9"]
[EventCountry "USA"]
[SourceTitle "CBM 012"]
[Source "ChessBase"]
[SourceDate "1989.10.01"]
[SourceVersion "1"]
[SourceVersionDate "1989.10.01"]
[SourceQuality "1"]

1. Nf3 Nf6 2. c4 c6 3. Nc3 d5 4. e3 e6 5. b3 Nbd7 6. Bb2 Be7 7. d4 b6 8. Bd3
Bb7 9. O-O O-O 10. Qe2 Rc8 11. Rad1 Qc7 12. e4 dxe4 13. Nxe4 c5 14. dxc5 bxc5
15. Nfg5 g6 16. Qe3 Nxe4 17. Nxe4 Qc6 18. f3 f5 19. Qh6 Rf7 20. Ng5 Bf8 21. Qh4
Re7 22. Rfe1 h6 23. Be4 fxe4 24. Nxe4 g5 25. Nxg5 hxg5 26. Qh8+ Kf7 27. Qh5+
Kg8 1/2-1/2

[Event "New York op"]
[Site "New York"]
[Date "1989.??.??"]
[Round "8"]
[White "Kamsky, Gata"]
[Black "Polgar, Judit"]
[Result "0-1"]
[WhiteElo "2345"]
[BlackElo "2555"]
[Annotator "ChessBase"]
[PlyCount "118"]
[EventDate "1989.03.??"]
[EventType "swiss"]
[EventRounds "9"]
[EventCountry "USA"]
[SourceTitle "CBM 012"]
[Source "ChessBase"]
[SourceDate "1989.10.01"]
[SourceVersion "1"]
[SourceVersionDate "1989.10.01"]
[SourceQuality "1"]

1. d4 Nf6 2. Nf3 g6 3. Bg5 Bg7 4. Nbd2 d5 5. e3 O-O 6. c3 b6 7. Bd3 Bb7 8. Qe2
Ne4 9. Bh4 c5 10. g4 $6 {Ein interessanter Versuch,aber wohl doch ein Schuß
ins Leere; R.Hübner.} Nd7 11. Rg1 a6 12. Bc2 Qe8 13. Nxe4 dxe4 14. Nd2 cxd4 15.
exd4 e5 16. d5 Bxd5 17. Nxe4 Nc5 18. a3 $6 (18. O-O-O $2 Bxa2 19. Nxc5 bxc5 20.
b3 a5 21. Kb2 a4 $17) (18. Nxc5 $1 bxc5 19. Bb3 {sieht solide aus; läßt der
Nachziehende den Tausch der weißeldrigen Läufer zu, kann der König des Weißen
am Königsflügel bleiben. (R.Hübner)}) 18... Qc6 19. f3 Rac8 {Der Zug ist ein
wenig schlapp. 19...Ne6 oder 19...Kh8 mit der Absicht 20...f5 zeigt
prägnantere Ideen. (R.Hübner)} 20. O-O-O Bxe4 $2 {Dies scheint mir ein
positioneller fehler zu sein, durch den Scharz den Rest seines Vorteils
verliert: den weißfeldrigen Läufer sollte er sich unbedingt erhalten. (R.
Hübner).} 21. fxe4 Bf6 22. Bf2 Be7 23. Rgf1 $2 {Der Sinn dieses Zuges ist mir
völlig unverständlich. Nach 23.Rd5 steht Weiß vorzüglich.} Na4 24. Be1 $2 (24.
Bxa4 $1 Qxa4 25. Qc2 {mit haltbarer Stellung (R.Hübner)}) 24... b5 25. Bxa4 $2
{>= 25.Rf3 (R.Hübner).} bxa4 26. Rd5 Rb8 27. Rf3 $2 Rb3 28. Rf2 $2 Rfb8 29. Qf3
Qe6 30. Qd1 Qb6 31. Qf3 f6 32. Qe2 Bxa3 33. bxa3 Rb1+ 34. Kd2 Rb2+ 35. Kd3 Rxe2
36. Kxe2 Qb1 37. Rd3 Qa2+ 38. Bd2 Qc4 39. Ke3 Qc5+ 40. Ke2 Qb5 41. Rxf6 Rd8 42.
Rff3 Qc4 43. Rfe3 Rxd3 44. Rxd3 Qxe4+ 45. Re3 Qxg4+ 46. Kf2 Qh4+ 47. Kg2 Qc4
48. Bc1 Qd5+ 49. Kf2 Qh1 50. Re1 Qxh2+ 51. Ke3 Qc2 52. Bd2 e4 53. Re2 Qd3+ 54.
Kf2 h5 55. Ke1 Qg3+ 56. Kf1 h4 57. Be3 h3 58. Bg1 Qf3+ 59. Ke1 Qxc3+ 0-1